Manual of Environmental Analysis/ (Record no. 191617)

MARC details
000 -LEADER
fixed length control field 00656nam a22001817a 4500
005 - DATE AND TIME OF LATEST TRANSACTION
control field 20220830150544.0
010 ## - LCCN (DPL NO)
LC control number ENG-134792
020 ## - INTERNATIONAL STANDARD BOOK NUMBER
Terms of availability 1195.00
International Standard Book Number 9789380156217
035 ## - SYSTEM CONTROL NUMBER
System control number EN-118324
037 ## - SOURCE OF ACQUISITION
Source of stock number/acquisition DBAD/PUB
Stock number -
082 ## - DEWEY DECIMAL CLASSIFICATION NUMBER
Classification number 333.714
100 ## - MAIN ENTRY--PERSONAL NAME
Personal name Aery, N.C.
245 ## - TITLE STATEMENT
Title Manual of Environmental Analysis/
Statement of responsibility, etc N.C. Aery
260 ## - PUBLICATION, DISTRIBUTION, ETC. (IMPRINT)
Place of publication, distribution, etc New Delhi
Name of publisher, distributor, etc Ane books pvt ltd.
Date of publication, distribution, etc 2010
270 ## - ADDRESS
Address Ane books pvt ltd. 4821, parwana bhawan 1st floor,24 Ansari road, Daryaganj
City New Delhi
Postal code 110002
Telephone number 011-23276843
Fax number 011-23276863
Electronic mail address kapoor@anebooks.com
300 ## - PHYSICAL DESCRIPTION
Extent x, 413p.
Other physical details Index, Annexure, Bibliography
Dimensions 24cm(hb)
942 ## - ADDED ENTRY ELEMENTS (KOHA)
Source of classification or shelving scheme Dewey Decimal Classification
Item type English Books
Classification part 333.714
Call number suffix AER
Holdings
Withdrawn status Lost status Not for loan Collection code Home library Current library Date acquired Source of acquisition Cost, normal purchase price Full call number Barcode Copy number Cost, replacement price Koha item type
      Non-fiction Ashok Vihar Ashok Vihar 30/08/2022 DBAD/PUB 1195.00 333.714 AER EN-118324 1 1195.00 English Books

© Delhi Public Library
Hit Counter
free hit counter